| 000 | 00387nam a22001337a 4500 | ||
|---|---|---|---|
| 020 |
_a9788130923017 _qHC |
||
| 040 |
_cNUST _dNUST |
||
| 082 |
_a672.36 _bINT |
||
| 100 |
_aJha,B.K. Dr. & Srikanth , S. _918949 |
||
| 245 |
_aThermo-Mechanical Simulation and Processing of Steels \ _cB.K. Jha |
||
| 260 |
_aNew Delhi , ; _bViva Books, _c2013. |
||
| 300 |
_a680 p. ; _b24 cm. |
||
| 942 |
_2ddc _cBK |
||
| 999 |
_c527607 _d527607 |
||